| 000 | 00913nam a22002657a 4500 | ||
|---|---|---|---|
| 001 | 9199 | ||
| 003 | FISKH | ||
| 005 | 20251128153718.0 | ||
| 008 | 251128b cb ||||| |||| 00| 0 eng d | ||
| 020 | _a9780721418308 | ||
| 040 |
_aFISKH _beng _cFISKH _dFISKH |
||
| 050 | _aPZ7.P85 T | ||
| 082 | _a823.912 | ||
| 100 | _aPotter, Beatrix | ||
| 245 |
_aThe tale of Jemima puddle-duck / _cBased on the origial and authorized story by Beatrix Potter ; Ladybird Books in association with Frederick Warne |
||
| 260 |
_aLoughborough : _bLadybird, _c1908. |
||
| 300 |
_a28 pages : _bcolor illustrations ; _c18 cm |
||
| 505 | _aJ | ||
| 520 | _aRelates how the barnyard collie and pups rescued Jemima Puddle-Duck from the fox's cooking pot. | ||
| 521 | 8 |
_a480
_bLexile estimate |
|
| 521 | 8 |
_aJ
_bRaz-Plus |
|
| 650 |
_aAnimals _vChildren's literature _xpicture book |
||
| 942 |
_2ddc _cBK _n0 |
||
| 999 |
_c9199 _d9199 |
||